000 00423nam a2200157 i 4500
001 27816
003 ES-MaACL
005 20230906153720.0
007 t|
008 030115s1954 sp ||||1| spa d
100 1 _aAzcona, Siro.
_924269
245 1 0 _aResidencias sanitarias /
_cpor Siro Azcona.
260 _aMadrid :
_bPlenitud,
_c1954 (
_fAltamira)
300 _a290 p. ;
_c29 cm.
852 _aES-MaACL
_jC-10749
_bR.36446
999 _c27816
_d27816